| 000 | 01110cam a2200325 a 4500 | ||
|---|---|---|---|
| 999 |
_c13995 _d13995 |
||
| 001 | 14751994 | ||
| 003 | EG-ScBUE | ||
| 005 | 20210130105422.0 | ||
| 008 | 070228t2007 nyu f 000 1 eng d | ||
| 020 | _a9781594489501 (alk. paper) | ||
| 020 | _a9781594483851 | ||
| 040 |
_aDLC _beng _erda _cDLC _dDLC _dEG-ScBUE |
||
| 043 | _aa-af--- | ||
| 082 | 0 | 4 |
_a813.6 _bHOS _222 |
| 100 | 1 |
_914026 _aHosseini, Khaled, _eauthor. |
|
| 245 | 1 | 2 |
_aA Thousand splendid suns / _cKhaled Hosseini. |
| 264 | 1 |
_aNew York : _bRiverhead Books, _c[2007] |
|
| 264 | 4 | _cc2007 | |
| 300 |
_a418 pages ; _c24 cm |
||
| 336 |
_2rdacontent _atext _btxt |
||
| 337 |
_2rdamedia _aunmediated _bn |
||
| 338 |
_2rdacarrier _avolume _bnc |
||
| 500 | _a"#1 New York Times Bestseller. | ||
| 650 | 7 |
_aFamilies _vFiction. _2BUEsh _914027 |
|
| 651 | 7 |
_aAfghanistan _vFiction. _2BUEsh _914028 |
|
| 653 |
_bHHUUEENN _cJanuary2021 |
||
| 655 |
_vReading book _934232 |
||
| 942 |
_2ddc _cBB |
||